|
|
|
|
| LEADER |
02271nam a2200337 a 4500 |
| 001 |
0020228 |
| 003 |
BD-DhAAL |
| 008 |
100516s2003 maua b 001 0 eng d |
| 010 |
|
|
|a \\2002043665
|
| 020 |
|
|
|a 1580535070 (alk. paper)
|
| 040 |
|
|
|a DLC
|c DLC
|d DLC
|d BD-DhAAL
|
| 082 |
0 |
0 |
|a 384.53
|2 21
|
| 100 |
1 |
|
|a Korhonen, Juha.
|9 58936
|
| 245 |
1 |
0 |
|a Introduction to 3G mobile communications /
|c Juha Korhonen.
|
| 250 |
|
|
|a Second edition.
|
| 260 |
|
|
|a Boston, MA :
|b Artech House,
|c c2003.
|
| 300 |
|
|
|a xviii, 544 p. :
|b ill. ;
|c 27 cm
|
| 490 |
0 |
|
|a Artech House mobile communications series.
|
| 504 |
|
|
|a Includes bibliographical references and index.
|
| 526 |
|
|
|a EEE
|x Md Sayeed Salam
Department of Electrical and Electronic Engineering
BRAC University
Course Name : Mobile Communication and Networks (EEE 524)
|
| 541 |
1 |
|
|e 0020228
|a Trim Education
|
| 650 |
|
0 |
|a Wireless communication systems.
|
| 650 |
|
0 |
|a Mobile communication systems.
|
| 650 |
|
0 |
|a Universal Mobile Telecommunications System.
|9 58937
|
| 830 |
|
|
|a Artech House mobile communications series
|9 58938
|
| 852 |
4 |
|
|a Ayesha Abed Library
|c General Stacks
|
| 942 |
|
|
|2 ddc
|c BK
|
| 999 |
|
|
|c 8579
|d 8579
|
| 952 |
|
|
|0 0
|1 0
|2 ddc
|4 0
|6 384_530000000000000_KOR_2003
|7 0
|9 10203
|a BRACUL
|b BRACUL
|c GEN
|d 2010-05-16
|e Trim Education
|g 9350.00
|l 0
|o 384.53 KOR
|p 3010020228
|r 2010-05-16
|t 1
|v 18700.00
|w 2010-05-16
|y BK
|x Requisitioned by Md Sayeed Salam (Department of Electrical and Electronic Engineering, BRAC University) for the course named- "Mobile Communication and Networks (EEE 524)"
|
| 952 |
|
|
|0 0
|1 0
|2 ddc
|4 0
|6 384_530000000000000_KOR_2003
|7 0
|9 10849
|a BRACUL
|b BRACUL
|c GEN
|d 2010-06-10
|e Trim Education
|g 9350.00
|l 1
|o 384.53 KOR
|p 3010020426
|r 2013-09-02
|s 2013-08-29
|t 2
|v 18700.00
|w 2010-06-10
|y BK
|x Requisitioned by Md Sayeed Salam (Department of Electrical and Electronic Engineering, BRAC University) for the course named- "Mobile Communication and Networks (EEE 524)"
|
| 952 |
|
|
|0 0
|1 0
|2 ddc
|4 0
|6 384_530000000000000_KOR_2003
|7 0
|9 10850
|a BRACUL
|b BRACUL
|c GEN
|d 2010-06-10
|e Trim Education
|g 9350.00
|l 0
|o 384.53 KOR
|p 3010020427
|r 2010-06-10
|t 3
|v 18700.00
|w 2010-06-10
|y BK
|x Requisitioned by Md Sayeed Salam (Department of Electrical and Electronic Engineering, BRAC University) for the course named- "Mobile Communication and Networks (EEE 524)"
|